[Event "Krefeld op"]
[Site "Krefeld"]
[Date "2023.08.03"]
[Round "3"]
[White "Ehlen, Jan"]
[Black "Stiller, Harald"]
[Result "1-0"]
[WhiteElo "1626"]
[BlackElo "1363"]
[PlyCount "127"]
[EventDate "2023.08.02"]
[EventType "swiss"]
[EventRounds "9"]
[EventCountry "GER"]
[SourceTitle "CBM 215 Extra"]
[Source "ChessBase"]
[SourceDate "2023.09.30"]
[SourceVersion "1"]
[SourceVersionDate "2023.09.30"]
[SourceQuality "1"]

1. e4 c5 2. Nf3 d6 3. d4 cxd4 4. Nxd4 Nf6 5. Nc3 a6 6. Bd3 e5 7. Nb3 Be7 8. 0-0 0-0 9. Nd2 Be6 10. Re1 b5 11. a3 Nbd7 12. Nf1 Rc8 13. Ne3 Nc5 14. f3 Nxd3 15. Qxd3 Qc7 16. Bd2 Qa7 17. Kh1 Rfd8 18. Red1 Qb7 19. Be1 Rc5 20. Bf2 Rc6 21. Ncd5 Bxd5 22. Nxd5 Rdc8 23. c3 Nxd5 24. Qxd5 Qd7 25. Qxe5 dxe5 26. Rxd7 Kf8 27. Rad1 Ke8 28. R1d5 f6 29. Ra7 Rd8 30. Rxd8+ Kxd8 31. h3 Rd6 32. Kh2 Rd2 33. Bb6+ Ke8 34. b4 Rd3 35. Rxa6 Rxc3 36. Ra8+ Kf7 37. Ra7 Ke6 38. Kg3 Rc6 39. Bf2 Rc2 40. Rb7 Ra2 41. Rxb5 Rxa3 42. Rb6+ Kf7 43. Rb7 Ke8 44. b5 Rb3 45. b6 Rb5 46. Ra7 Kf7 47. Rc7 Ke6 48. Ra7 Kf7 49. Be3 h6 50. b7 Kg6 51. b8Q Rxb8 52. Rxe7 Rb2 53. Ra7 Rc2 54. Bb6 Rc8 55. Rc7 Rb8 56. Bc5 Rg8 57. f4 h5 58. fxe5 Re8 59. exf6 gxf6 60. Re7 Rf8 61. Rg7+ Kxg7 62. Bxf8+ Kg6 63. Kf4 h4 64. Kg4 1-0

[Event "Krefeld op"]
[Site "Krefeld"]
[Date "2022.08.07"]
[Round "7"]
[White "Roth, Christian"]
[Black "Ehlen, Jan"]
[Result "0-1"]
[WhiteElo "1626"]
[BlackElo "1608"]
[PlyCount "138"]
[EventDate "2022.08.04"]
[EventType "swiss"]
[EventRounds "9"]
[EventCountry "GER"]
[SourceTitle "CBM 209 Extra"]
[Source "ChessBase"]
[SourceDate "2022.09.30"]
[SourceVersion "1"]
[SourceVersionDate "2022.09.30"]
[SourceQuality "1"]

1. Nf3 d5 2. d4 Nf6 3. Bf4 c5 4. e3 e6 5. Bb5+ Bd7 6. Bxd7+ Nbxd7 7. Ne5 Qb6 8. Nxd7 Nxd7 9. dxc5 Qxb2 10. Nd2 Nxc5 11. 0-0 Qb6 12. c4 Bd6 13. Rb1 Qd8 14. cxd5 Bxf4 15. exf4 Qxd5 16. Rb5 Qc6 17. Qe2 0-0 18. Rc1 b6 19. Nb3 Qe4 20. Qd2 Nxb3 21. Rxb3 Rfd8 22. Qe3 Qxe3 23. fxe3 Rac8 24. Rbc3 Rxc3 25. Rxc3 h6 26. Rc2 Kf8 27. Kf2 Ke8 28. Ke2 Kd7 29. g4 Rc8 30. Rd2+ Ke7 31. Rb2 Rc5 32. h4 e5 33. Kf3 exf4 34. Kxf4 Rc4+ 35. e4 g6 36. h5 gxh5 37. gxh5 Rc5 38. e5 Rc4+ 39. Kf3 Ke6 40. Rd2 Ra4 41. Rd6+ Kxe5 42. Rxh6 Rxa2 43. Kg4 Rg2+ 44. Kh3 Rg7 45. Rc6 f6 46. Kh4 Rh7 47. Rc1 Ke6 48. Re1+ Kf7 49. Rc1 Ke6 50. Re1+ Kd6 51. Rd1+ Kc6 52. Rf1 Rh6 53. Rc1+ Kb7 54. Re1 a5 55. Re7+ Ka6 56. Rg7 a4 57. Rg6 Rh8 58. Rxf6 Ka5 59. Kg5 b5 60. Kg6 a3 61. Rf3 Ka4 62. h6 b4 63. Kg7 Rxh6 64. Kxh6 a2 65. Rf1 Ka3 66. Kg5 b3 67. Kf5 b2 68. Ke6 a1Q 69. Rxa1+ bxa1Q 0-1